Statistics for Movie Name Quiz

Click here to take the quiz!

General Stats

  • This quiz has been taken 18 times
  • The average score is 6 of 16

Answer Stats

Answer% Correct
Super Mario Bros
100%
Avengers end game
67%
Invasion
67%
the last of us
67%
Bullet train
60%
Jurassic World
53%
Red Notice
47%
Battleship
27%
White house down
27%
All of us are dead
20%
Greenland
13%
London has Fallen
13%
Geostorm
0%
independence day resurgence
0%
interceptor
0%
triple frontier
0%

Score Distribution

Percentile by Number Answered

Percent of People with Each Score

Your Score History

You have not taken this quiz